Nicôla Vapdarốp thơ

Đã lưu trong:
Sonraí Bibleagrafaíochta
Príomhúdar: Vapdarốp Nicôla
Údair Eile: Nguyễn Xuân Sanh (Dịch và giới thiệu)
Formáid: Leabhar
Teanga:Vietnamese
Foilsithe: H. Tác Phẩm Mới Hội nhà văn Việt Nam 1981
Ábhair:
Clibeanna: Cuir Clib Leis
Gan Chlibeanna, Bí ar an gcéad duine leis an taifead seo a chlibeáil!
Thư viện lưu trữ: Mạng thư viện Đại học Đà Nẵng
LEADER 01105nam a2200325 4500
001 000004519
003 658
005 20120411080420.0
008 110721s1981 viesd
020 |c 7500 
041 0 |a vie 
082 |a 891. 8  |b VA-N 
100 0 |a Vapdarốp Nicôla 
245 0 |a Nicôla Vapdarốp thơ  |c Nguyễn Xuân Sanh dịch và giới thiệu 
260 |a H.  |b Tác Phẩm Mới  |b Hội nhà văn Việt Nam  |c 1981 
300 |a 178 tr  |c 19 cm 
653 |a Văn học Bungari 
653 |a Thơ Bungari 
700 |a Nguyễn Xuân Sanh  |e Dịch và giới thiệu 
910 |a Nguyễn Thị Kim Oanh  |d 21/ 07/ 2011 
OWN |a LSP 
AVA |a UDN50  |b LSP  |d 891. 8 VA-N  |e unavailable  |t Error 5002 Not defined in file expand_doc_bib_avail.  |f 1  |g 1  |h N  |i 0  |k 1 
999 |a From the UDN01 
AVA |a UDN50  |b LSP  |d 891. 8 VA-N  |e unavailable  |t Error 5002 Not defined in file expand_doc_bib_avail.  |f 1  |g 1  |h N  |i 0  |k 1 
TYP |a Monograph 
TYP |a Printed language 
980 |a Mạng thư viện Đại học Đà Nẵng